[Event "COL-ch sf"]
[Site "Pereira"]
[Date "2024.03.29"]
[Round "6"]
[White "Florez Salazar, Luis Angel"]
[Black "Tobar Beltran, Carlos Andres"]
[Result "1-0"]
[WhiteElo "2171"]
[BlackElo "1946"]
[PlyCount "81"]
[EventDate "2024.03.26"]
[EventType "swiss"]
[EventRounds "11"]
[EventCountry "COL"]
[SourceTitle "CB14_2024"]
[SourceDate "2024.04.01"]
[SourceVersion "1"]
[SourceVersionDate "2024.04.01"]
[SourceQuality "1"]

1. c4 Nf6 2. Nc3 c5 3. Nf3 g6 4. d4 cxd4 5. Nxd4 Bg7 6. e4 d6 7. Be2 0-0 8. Be3 Nc6 9. 0-0 Bd7 10. h3 Rc8 11. Rc1 a6 12. f4 Nxd4 13. Bxd4 Bc6 14. Bf3 Qa5 15. a3 Rfd8 16. Kh2 e5 17. Be3 Bh6 18. g3 exf4 19. gxf4 Re8 20. Qd3 Re6 21. Nd5 Rce8 22. f5 Bxe3 23. fxe6 Bxd5 24. Qxe3 Bxe6 25. Qd4 Nh5 26. c5 dxc5 27. Rxc5 Rd8 28. Rxa5 Rxd4 29. Bxh5 gxh5 30. Rg1+ Kh8 31. Rag5 f6 32. Rxh5 Rxe4 33. Rc5 Bd7 34. Rc7 Re2+ 35. Rg2 Rxg2+ 36. Kxg2 Bc6+ 37. Kg3 f5 38. Kf4 Be4 39. Kg5 Kg8 40. h4 Kf8 41. h5 1-0

[Event "COL-ch sf"]
[Site "Pereira"]
[Date "2024.03.28"]
[Round "5"]
[White "Cifuentes Camacho, Miguel Angel"]
[Black "Florez Salazar, Luis Angel"]
[Result "0-1"]
[WhiteElo "1870"]
[BlackElo "2171"]
[PlyCount "92"]
[EventDate "2024.03.26"]
[EventType "swiss"]
[EventRounds "11"]
[EventCountry "COL"]
[SourceTitle "CB14_2024"]
[SourceDate "2024.04.01"]
[SourceVersion "1"]
[SourceVersionDate "2024.04.01"]
[SourceQuality "1"]

1. Nf3 d5 2. g3 Bg4 3. d4 Nf6 4. c3 Nbd7 5. Bg2 e6 6. Bf4 c5 7. 0-0 Qb6 8. Nbd2 Bd6 9. dxc5 Bxc5 10. Qb3 0-0 11. Qxb6 Bxb6 12. Rfe1 Rfe8 13. h3 Bh5 14. Nh4 h6 15. Bd6 g5 16. Nhf3 Rad8 17. Be5 Nxe5 18. Nxe5 Nd7 19. Nd3 f5 20. Nb3 Nf6 21. Nbc5 Ne4 22. Nxb7 Rb8 23. Bxe4 fxe4 24. Ndc5 Re7 25. b4 Rbxb7 26. Nxb7 Rxb7 27. a4 Bc7 28. g4 Be8 29. Rec1 Be5 30. e3 Rc7 31. Ra3 Kf8 32. Kg2 Ke7 33. f3 exf3+ 34. Kxf3 Kd6 35. Ke2 Bg6 36. b5 Kc5 37. Rb3 Rf7 38. a5 Rb7 39. b6 axb6 40. Rxb6 Rxb6 41. axb6 Kxb6 42. Kd2 Kc6 43. Ra1 Kd6 44. Ra6+ Ke7 45. Ra1 Be4 46. Rg1 Ke8 0-1

[Event "COL-ch sf"]
[Site "Pereira"]
[Date "2024.03.26"]
[Round "2"]
[White "Florez Salazar, Luis Angel"]
[Black "Palomino Escobar, Daniel Fernando"]
[Result "0-1"]
[WhiteElo "2171"]
[BlackElo "1941"]
[PlyCount "68"]
[EventDate "2024.03.26"]
[EventType "swiss"]
[EventRounds "11"]
[EventCountry "COL"]
[SourceTitle "CB14_2024"]
[SourceDate "2024.04.01"]
[SourceVersion "1"]
[SourceVersionDate "2024.04.01"]
[SourceQuality "1"]

1. e4 e6 2. d4 d5 3. Nc3 Nf6 4. e5 Nfd7 5. f4 c5 6. Nf3 Nc6 7. Be3 Qb6 8. Na4 Qa5+ 9. c3 cxd4 10. b4 Nxb4 11. cxb4 Bxb4+ 12. Bd2 0-0 13. Bd3 Bxd2+ 14. Nxd2 f6 15. exf6 Nxf6 16. 0-0 Bd7 17. Nb2 Rac8 18. Nb3 Qb6 19. Rf2 a5 20. Rb1 Kh8 21. Nd2 Rc3 22. Na4 Bxa4 23. Qxa4 Qa7 24. Rf3 Rfc8 25. Nb3 Ne4 26. Qxd4 Qxd4+ 27. Nxd4 Nd2 28. Rd1 Nxf3+ 29. gxf3 Rc1 30. Rxc1 Rxc1+ 31. Kf2 Ra1 32. Ke3 Rxa2 33. h3 Rh2 34. Nxe6 Rxh3 0-1

[Event "COL-chT"]
[Site "Risaralda"]
[Date "2023.11.21"]
[Round "5.1"]
[White "Florez Salazar, Luis Angel"]
[Black "Torrente, Alejandro Josue"]
[Result "1-0"]
[WhiteElo "2137"]
[BlackElo "2132"]
[PlyCount "97"]
[EventDate "2023.11.19"]
[EventType "team-swiss"]
[EventRounds "7"]
[EventCountry "COL"]
[SourceTitle "CB49_2023"]
[SourceDate "2023.12.06"]
[SourceVersion "1"]
[SourceVersionDate "2023.12.06"]
[SourceQuality "1"]
[WhiteTeam "Cauca"]
[BlackTeam "Huila"]
[WhiteTeamCountry "COL"]
[BlackTeamCountry "COL"]

1. e4 e5 2. Nf3 Nc6 3. d4 exd4 4. Nxd4 Bc5 5. Nb3 Bb6 6. Qe2 a5 7. a4 d6 8. Be3 Bxe3 9. Qxe3 Nb4 10. Na3 Be6 11. Nd4 Bd7 12. c3 Na6 13. Qg3 Qf6 14. Bxa6 Rxa6 15. Nab5 Bxb5 16. axb5 Ra8 17. b6 cxb6 18. Nb5 Kf8 19. Rd1 Qe5 20. Nxd6 Qxg3 21. hxg3 Nf6 22. f3 g6 23. Kf2 Ke7 24. e5 Ne8 25. Nxb7 Rb8 26. Nd6 Nxd6 27. Rxd6 h5 28. Rh4 Rhc8 29. Rf4 Rc5 30. Rdf6 Rxe5 31. Rxf7+ Kd6 32. R7f6+ Kc5 33. Rxg6 Rbe8 34. g4 Re2+ 35. Kg3 h4+ 36. Kxh4 Rxb2 37. Rff6 b5 38. Rc6+ Kd5 39. Rgd6+ Ke5 40. Kg3 a4 41. f4+ Ke4 42. Re6+ Rxe6 43. Rxe6+ Kd3 44. g5 Kxc3 45. g6 Rd2 46. g7 Rd8 47. f5 a3 48. f6 a2 49. Ra6 1-0

[Event "COL-chT"]
[Site "Risaralda"]
[Date "2023.11.21"]
[Round "4.1"]
[White "Tirado, Juan Camilo"]
[Black "Florez Salazar, Luis Angel"]
[Result "0-1"]
[WhiteElo "2182"]
[BlackElo "2137"]
[PlyCount "52"]
[EventDate "2023.11.19"]
[EventType "team-swiss"]
[EventRounds "7"]
[EventCountry "COL"]
[SourceTitle "CB49_2023"]
[SourceDate "2023.12.06"]
[SourceVersion "1"]
[SourceVersionDate "2023.12.06"]
[SourceQuality "1"]
[WhiteTeam "Boyaca"]
[BlackTeam "Cauca"]
[WhiteTeamCountry "COL"]
[BlackTeamCountry "COL"]

1. d4 d5 2. c4 c6 3. Nf3 Nf6 4. e3 e6 5. Be2 Nbd7 6. 0-0 Bd6 7. b3 Qe7 8. Bb2 e5 9. dxe5 Nxe5 10. Nxe5 Bxe5 11. Bxe5 Qxe5 12. Nd2 0-0 13. cxd5 Nxd5 14. Nc4 Qf6 15. Bf3 Rd8 16. Qc1 Be6 17. Qa3 Nc3 18. Qb2 Bd5 19. Bxd5 Rxd5 20. Rfe1 Rad8 21. Qa3 b5 22. Na5 Rd2 23. Kh1 Ne4 24. Qb4 Nxf2+ 25. Kg1 Nh3+ 26. Kh1 Qf2 0-1

[Event "COL-chT"]
[Site "Risaralda"]
[Date "2023.11.20"]
[Round "3.1"]
[White "Florez Salazar, Luis Angel"]
[Black "Sanchez, Sebastian Felipe"]
[Result "1-0"]
[WhiteElo "2137"]
[BlackElo "2405"]
[PlyCount "85"]
[EventDate "2023.11.19"]
[EventType "team-swiss"]
[EventRounds "7"]
[EventCountry "COL"]
[SourceTitle "CB49_2023"]
[SourceDate "2023.12.06"]
[SourceVersion "1"]
[SourceVersionDate "2023.12.06"]
[SourceQuality "1"]
[WhiteTeam "Cauca"]
[BlackTeam "Bolivar"]
[WhiteTeamCountry "COL"]
[BlackTeamCountry "COL"]

1. e4 c5 2. Nf3 e6 3. d4 cxd4 4. Nxd4 Nc6 5. Nc3 Qc7 6. Be3 a6 7. Qd2 Nf6 8. 0-0-0 Bb4 9. Nxc6 bxc6 10. Qd4 c5 11. Qd3 0-0 12. f3 d5 13. exd5 exd5 14. Nxd5 Nxd5 15. Qxd5 Be6 16. Qe4 Bxa2 17. Bd3 f5 18. Qf4 Qa5 19. Bd2 Rab8 20. Rhe1 Bxd2+ 21. Qxd2 Qb6 22. Qc3 Qh6+ 23. Rd2 Bf7 24. Kb1 Qh4 25. Rde2 Qa4 26. Re7 Qa2+ 27. Kc1 Qa1+ 28. Kd2 Qxb2 29. Qxb2 Rxb2 30. Ra7 g6 31. Ree7 Rb4 32. c3 Rb6 33. Bxa6 Rd8+ 34. Ke3 Rf6 35. Rxf7 Rxf7 36. Bc4 f4+ 37. Ke4 Re8+ 38. Kd3 Rd8+ 39. Kc2 Rdf8 40. Rxf7 Rxf7 41. Kb3 Kg7 42. Bxf7 Kxf7 43. Kc4 1-0